[Event "16th Spilimbergo Open 2018"]
[Site "Spilimbergo"]
[Date "2018.08.12"]
[Round "4.6"]
[White "Brunello, Sabino"]
[Black "Mesaros, Florian"]
[Result "1-0"]
[WhiteElo "2555"]
[BlackElo "2422"]
[Annotator "ChessBase"]
[PlyCount "97"]
[EventDate "2018.08.10"]
[EventType "swiss"]
[EventCountry "ITA"]
[SourceTitle "playchess.com"]
[Source "ChessBase"]
[SourceQuality "1"]
[TimeControl "5400+30"]

1. e4 {[%emt 0:02:30]} e5 {[%emt 0:00:30]} 2. Nf3 {[%emt 0:00:30]} Nc6 {[%emt 0:00:00]} 3. Bc4 {[%emt 0:00:00]} Bc5 {[%emt 0:00:00]} 4. O-O {[%emt 0:00:00]} Nf6 {[%emt 0:00:30]} 5. d3 {[%emt 0:00:30]} d6 {[%emt 0:00:00]} 6. c3 {[%emt 0:00:00]} a6 {[%emt 0:00:00]} 7. a4 {[%emt 0:01:00]} Ba7 {[%emt 0:00:30]} 8. h3 {[%emt 0:05:30]} O-O {[%emt 0:01:30]} 9. Re1 {[%emt 0:00:30]} Ne7 {[%emt 0:03:30]} 10. Nbd2 {[%emt 0:01:30]} Ng6 {[%emt 0:00:30]} 11. Nf1 {[%emt 0:02:30]} Re8 {[%emt 0:05:30]} 12. Ng3 {[%emt 0:02:30]} Be6 {[%emt 0:04:30]} 13. Bxe6 {[%emt 0:02:30]} Rxe6 {[%emt 0:01:30]} 14. d4 {[%emt 0:05:30]} d5 {[%emt 0:14:30]} 15. exd5 {[%emt 0:03:30]} Qxd5 {[%emt 0:04:30]} 16. dxe5 {[%emt 0:10:30]} Qxd1 {[%emt 0:01:30]} 17. Rxd1 {[%emt 0:00:00]} Nxe5 {[%emt 0:00:30]} 18. Nxe5 {[%emt 0:21:00]} Rxe5 {[%emt 0:00:30]} 19. Bf4 {[%emt 0:00:00]} Re7 {[%emt 0:00:30]} 20. Rd2 {[%emt 0:00:00]} c6 {[%emt 0:08:30]} 21. Bg5 {[%emt 0:18:30]} Re6 {[%emt 0:10:30]} 22. Bxf6 {[%emt 0:00:30]} Rxf6 {[%emt 0:00:00]} 23. Re1 {[%emt 0:00:30]} Kf8 {[%emt 0:08:00]} 24. Kf1 {[%emt 0:01:30]} b5 {[%emt 0:10:30]} 25. a5 {[%emt 0:07:17]} Re8 {[%emt 0:06:50]} 26. Rxe8+ {[%emt 0:00:25]} Kxe8 {[%emt 0:00:02]} 27. Ne4 {[%emt 0:00:09]} Re6 {[%emt 0:00:27]} 28. Nd6+ {[%emt 0:00:35]} Kf8 {[%emt 0:00:17]} 29. Nf5 {[%emt 0:00:36]} g6 {[%emt 0:03:21]} 30. Rd8+ {[%emt 0:05:52]} Re8 {[%emt 0:00:23]} 31. Rxe8+ {[%emt 0:03:31]} Kxe8 {[%emt 0:00:03]} 32. Nd6+ {[%emt 0:00:06]} Kf8 {[%emt 0:02:17]} 33. Ke2 {[%emt 0:00:01]} f5 {[%emt 0:04:58]} 34. b4 {[%emt 0:00:48]} h6 {[%emt 0:08:51]} 35. Ke1 {[%emt 0:00:55]} Bb8 {[%emt 0:01:14]} 36. Nb7 {[%emt 0:02:15]} Ke7 {[%emt 0:00:03]} 37. Nc5 {[%emt 0:01:20]} Ba7 {[%emt 0:00:04]} 38. Nxa6 {[%emt 0:01:06]} Kd7 {[%emt 0:01:20]} 39. Ke2 {[%emt 0:00:57]} Kc8 {[%emt 0:00:32]} 40. Nc5 {[%emt 0:00:28]} Bxc5 {[%emt 0:00:45]} 41. bxc5 {[%emt 0:00:00]} Kb7 {[%emt 0:00:01]} 42. Kd3 {[%emt 0:00:12]} Ka6 {[%emt 0:00:04]} 43. Kd4 {[%emt 0:00:15]} Kxa5 {[%emt 0:00:38]} 44. Ke5 {[%emt 0:00:01]} b4 {[%emt 0:00:00]} 45. cxb4+ {[%emt 0:00:11]} Kxb4 {[%emt 0:00:00]} 46. Kd6 {[%emt 0:00:07]} Kb5 {[%emt 0:00:00]} 47. f4 {[%emt 0:00:47]} g5 {[%emt 0:00:23]} 48. g3 {[%emt 0:00:06]} h5 {[%emt 0:01:46]} 49. fxg5 {[%emt 0:00:00]} 1-0

[Event "16th Spilimbergo Open 2018"]
[Site "Spilimbergo"]
[Date "2018.08.12"]
[Round "4.7"]
[White "Sonis, Francesco"]
[Black "Krysa, Leandro"]
[Result "1/2-1/2"]
[WhiteElo "2468"]
[BlackElo "2523"]
[Annotator "ChessBase"]
[PlyCount "66"]
[EventDate "2018.08.10"]
[EventType "swiss"]
[EventCountry "ITA"]
[SourceTitle "playchess.com"]
[Source "ChessBase"]
[SourceQuality "1"]
[TimeControl "5400+30"]

1. Nf3 {[%emt 0:00:30]} d5 {[%emt 0:00:30]} 2. d4 {[%emt 0:00:00]} Nf6 {[%emt 0:00:00]} 3. c4 {[%emt 0:00:00]} e6 {[%emt 0:04:00]} 4. g3 {[%emt 0:00:00]} Bb4+ {[%emt 0:00:00]} 5. Bd2 {[%emt 0:00:00]} Be7 {[%emt 0:00:00]} 6. Bg2 {[%emt 0:00:30]} O-O {[%emt 0:00:30]} 7. Qc2 {[%emt 0:00:30]} Nbd7 {[%emt 0:00:30]} 8. O-O {[%emt 0:01:30]} c6 {[%emt 0:01:30]} 9. Bf4 {[%emt 0:03:30]} b6 {[%emt 0:01:30]} 10. Rd1 {[%emt 0:04:30]} Ba6 {[%emt 0:01:30]} 11. Nbd2 {[%emt 0:00:30]} Nh5 {[%emt 0:00:30]} 12. Be3 {[%emt 0:02:30]} Rc8 {[%emt 0:28:30]} 13. Ne5 {[%emt 0:10:30]} Nhf6 {[%emt 0:02:30]} 14. Ndf3 {[%emt 0:12:30]} Ne4 {[%emt 0:02:30]} 15. cxd5 {[%emt 0:21:30]} cxd5 {[%emt 0:01:30]} 16. Qa4 {[%emt 0:00:00]} Nb8 {[%emt 0:00:30]} 17. Rdc1 {[%emt 0:01:00]} b5 {[%emt 0:11:30]} 18. Qd1 {[%emt 0:02:30]} b4 {[%emt 0:04:30]} 19. Nd3 {[%emt 0:01:30]} Qa5 {[%emt 0:03:30]} 20. Rxc8 {[%emt 0:01:30]} Rxc8 {[%emt 0:00:00]} 21. Rc1 {[%emt 0:00:30]} Qxa2 {[%emt 0:11:00]} 22. Nfe5 {[%emt 0:07:30]} Qa5 {[%emt 0:04:52]} 23. Bh3 {[%emt 0:08:30]} Qb5 {[%emt 0:07:48]} 24. Rxc8+ {[%emt 0:03:56]} Bxc8 {[%emt 0:00:05]} 25. Qc2 {[%emt 0:01:47]} Nd6 {[%emt 0:01:45]} 26. Bf4 {[%emt 0:01:16]} b3 {[%emt 0:02:35]} 27. Qc1 {[%emt 0:07:51]} Nc4 {[%emt 0:03:49]} 28. Nxc4 {[%emt 0:00:52]} dxc4 {[%emt 0:00:17]} 29. Bxb8 {[%emt 0:00:09]} Ba6 {[%emt 0:01:21]} 30. Bxa7 {[%emt 0:02:25]} cxd3 {[%emt 0:00:27]} 31. exd3 {[%emt 0:00:02]} Qxd3 {[%emt 0:01:02]} 32. Bc5 {[%emt 0:01:14]} Bg5 {[%emt 0:02:37]} 33. Qf1 {[%emt 0:01:08]} h5 {[%emt 0:02:15]} 1/2-1/2

[Event "16th Spilimbergo Open 2018"]
[Site "Spilimbergo"]
[Date "2018.08.12"]
[Round "4.8"]
[White "Rombaldoni, Denis"]
[Black "Solomon, Kenny"]
[Result "1/2-1/2"]
[WhiteElo "2508"]
[BlackElo "2395"]
[Annotator "ChessBase"]
[PlyCount "69"]
[EventDate "2018.08.10"]
[EventType "swiss"]
[EventCountry "ITA"]
[SourceTitle "playchess.com"]
[Source "ChessBase"]
[SourceQuality "1"]
[TimeControl "5400+30"]

1. d4 {[%emt 0:03:30]} Nf6 {[%emt 0:00:30]} 2. Nc3 {[%emt 0:00:30]} d5 {[%emt 0:00:30]} 3. Bf4 {[%emt 0:00:00]} e6 {[%emt 0:00:30]} 4. Nb5 {[%emt 0:00:00]} Na6 {[%emt 0:00:30]} 5. e3 {[%emt 0:00:00]} Be7 {[%emt 0:00:30]} 6. Nf3 {[%emt 0:00:00]} O-O {[%emt 0:02:30]} 7. Ne5 {[%emt 0:00:30]} Ne4 {[%emt 0:02:30]} 8. f3 {[%emt 0:02:30]} Nd6 {[%emt 0:01:30]} 9. Qd2 {[%emt 0:01:30]} c5 {[%emt 0:12:30]} 10. Nxd6 {[%emt 0:16:30]} Bxd6 {[%emt 0:00:30]} 11. Bxa6 {[%emt 0:00:30]} bxa6 {[%emt 0:01:30]} 12. O-O {[%emt 0:04:30]} cxd4 {[%emt 0:26:30]} 13. exd4 {[%emt 0:07:30]} Qb6 {[%emt 0:00:00]} 14. c3 {[%emt 0:01:30]} f6 {[%emt 0:05:00]} 15. Nd3 {[%emt 0:00:30]} e5 {[%emt 0:00:30]} 16. Be3 {[%emt 0:00:30]} Qc6 {[%emt 0:09:30]} 17. dxe5 {[%emt 0:07:30]} fxe5 {[%emt 0:00:30]} 18. f4 {[%emt 0:00:00]} d4 {[%emt 0:03:30]} 19. cxd4 {[%emt 0:01:00]} exd4 {[%emt 0:00:30]} 20. Bxd4 {[%emt 0:00:30]} Qd5 {[%emt 0:00:30]} 21. Bc3 {[%emt 0:17:30]} Bb7 {[%emt 0:03:30]} 22. Ne5 {[%emt 0:07:30]} Bc5+ {[%emt 0:00:30]} 23. Kh1 {[%emt 0:00:00]} Qxd2 {[%emt 0:00:30]} 24. Bxd2 {[%emt 0:00:00]} Rad8 {[%emt 0:00:30]} 25. Rad1 {[%emt 0:07:30]} Rd5 {[%emt 0:10:36]} 26. Bc1 {[%emt 0:01:30]} Bb6 {[%emt 0:02:05]} 27. Nc4 {[%emt 0:07:37]} Rc8 {[%emt 0:10:23]} 28. b3 {[%emt 0:00:36]} Rxd1 {[%emt 0:01:49]} 29. Rxd1 {[%emt 0:00:02]} Re8 {[%emt 0:00:02]} 30. Nd6 {[%emt 0:07:46]} Rd8 {[%emt 0:00:15]} 31. Bb2 {[%emt 0:00:24]} Bc5 {[%emt 0:00:35]} 32. Be5 {[%emt 0:00:08]} Bxd6 {[%emt 0:01:39]} 33. Rxd6 {[%emt 0:00:13]} Rxd6 {[%emt 0:00:29]} 34. Bxd6 {[%emt 0:00:01]} a5 {[%emt 0:00:04]} 35. Bc5 {[%emt 0:04:45]} 1/2-1/2

[Event "16th Spilimbergo Open 2018"]
[Site "Spilimbergo"]
[Date "2018.08.12"]
[Round "4.9"]
[White "Aghayev, Miragha"]
[Black "Korpa, Bence"]
[Result "1/2-1/2"]
[WhiteElo "2424"]
[BlackElo "2506"]
[Annotator "ChessBase"]
[PlyCount "86"]
[EventDate "2018.08.10"]
[EventType "swiss"]
[EventCountry "ITA"]
[SourceTitle "playchess.com"]
[Source "ChessBase"]
[SourceQuality "1"]
[TimeControl "5400+30"]

1. d4 {[%emt 0:00:30]} Nf6 {[%emt 0:06:30]} 2. c4 {[%emt 0:00:30]} e6 {[%emt 0:00:00]} 3. Nf3 {[%emt 0:01:30]} d5 {[%emt 0:00:00]} 4. Nc3 {[%emt 0:01:30]} c5 {[%emt 0:00:30]} 5. cxd5 {[%emt 0:01:30]} Nxd5 {[%emt 0:00:00]} 6. g3 {[%emt 0:00:30]} Nxc3 {[%emt 0:01:00]} 7. bxc3 {[%emt 0:00:30]} cxd4 {[%emt 0:00:30]} 8. cxd4 {[%emt 0:00:30]} Bb4+ {[%emt 0:00:00]} 9. Bd2 {[%emt 0:00:00]} Bxd2+ {[%emt 0:00:00]} 10. Qxd2 {[%emt 0:00:00]} b6 {[%emt 0:00:30]} 11. Bg2 {[%emt 0:00:30]} Bb7 {[%emt 0:00:00]} 12. O-O {[%emt 0:00:30]} O-O {[%emt 0:00:00]} 13. a4 {[%emt 0:14:30]} a5 {[%emt 0:05:30]} 14. Rfc1 {[%emt 0:11:30]} Nd7 {[%emt 0:03:30]} 15. Ne5 {[%emt 0:06:30]} Bxg2 {[%emt 0:01:30]} 16. Nxd7 {[%emt 0:00:00]} Qxd7 {[%emt 0:00:00]} 17. Kxg2 {[%emt 0:00:00]} Rfd8 {[%emt 0:21:00]} 18. Rd1 {[%emt 0:16:30]} Rac8 {[%emt 0:03:30]} 19. Qd3 {[%emt 0:06:30]} Rc6 {[%emt 0:15:30]} 20. Rab1 {[%emt 0:03:30]} Rd6 {[%emt 0:02:30]} 21. Qb3 {[%emt 0:20:09]} Qb7+ {[%emt 0:08:30]} 22. d5 {[%emt 0:00:28]} g6 {[%emt 0:13:58]} 23. e3 {[%emt 0:02:13]} h5 {[%emt 0:06:45]} 24. h4 {[%emt 0:00:57]} Qa8 {[%emt 0:01:22]} 25. Kg1 {[%emt 0:04:11]} Rxd5 {[%emt 0:01:30]} 26. Rxd5 {[%emt 0:00:11]} Qxd5 {[%emt 0:00:05]} 27. Qxb6 {[%emt 0:00:06]} Rc8 {[%emt 0:00:08]} 28. Qb5 {[%emt 0:00:35]} Qd2 {[%emt 0:04:01]} 29. Kg2 {[%emt 0:01:31]} Qc2 {[%emt 0:01:04]} 30. Kg1 {[%emt 0:01:43]} Kh7 {[%emt 0:00:44]} 31. Rf1 {[%emt 0:05:23]} Rc5 {[%emt 0:00:29]} 32. Qd7 {[%emt 0:00:16]} Rf5 {[%emt 0:03:52]} 33. Qd4 {[%emt 0:00:27]} Qc5 {[%emt 0:00:37]} 34. Rd1 {[%emt 0:00:25]} Qc2 {[%emt 0:00:37]} 35. Rf1 {[%emt 0:00:08]} e5 {[%emt 0:00:36]} 36. Qd1 {[%emt 0:00:11]} Qc4 {[%emt 0:00:26]} 37. Qa1 {[%emt 0:00:37]} Qc2 {[%emt 0:00:43]} 38. Qd1 {[%emt 0:00:06]} Qc4 {[%emt 0:00:13]} 39. Qa1 {[%emt 0:00:04]} e4 {[%emt 0:00:45]} 40. Rb1 {[%emt 0:01:09]} Qe2 {[%emt 0:00:37]} 41. Rb2 {[%emt 0:00:05]} Qf3 {[%emt 0:00:06]} 42. Rd2 {[%emt 0:00:43]} g5 {[%emt 0:00:59]} 43. Qd1 {[%emt 0:01:36]} Qxd1+ {[%emt 0:00:25]} 1/2-1/2

[Event "16th Spilimbergo Open 2018"]
[Site "Spilimbergo"]
[Date "2018.08.12"]
[Round "4.10"]
[White "Basso, Pier Luigi"]
[Black "Loiacono, Leonardo"]
[Result "1-0"]
[WhiteElo "2494"]
[BlackElo "2303"]
[Annotator "ChessBase"]
[PlyCount "71"]
[EventDate "2018.08.10"]
[EventType "swiss"]
[EventCountry "ITA"]
[SourceTitle "playchess.com"]
[Source "ChessBase"]
[SourceQuality "1"]
[TimeControl "5400+30"]

1. d4 {[%emt 0:04:30]} Nf6 {[%emt 0:00:30]} 2. c4 {[%emt 0:00:30]} e6 {[%emt 0:00:00]} 3. Nf3 {[%emt 0:00:30]} d5 {[%emt 0:00:00]} 4. Nc3 {[%emt 0:00:00]} c5 {[%emt 0:00:00]} 5. cxd5 {[%emt 0:00:00]} Nxd5 {[%emt 0:00:00]} 6. e4 {[%emt 0:00:00]} Nxc3 {[%emt 0:00:00]} 7. bxc3 {[%emt 0:00:00]} cxd4 {[%emt 0:00:00]} 8. cxd4 {[%emt 0:00:00]} Bb4+ {[%emt 0:00:30]} 9. Bd2 {[%emt 0:00:00]} Bxd2+ {[%emt 0:00:00]} 10. Qxd2 {[%emt 0:00:30]} O-O {[%emt 0:00:00]} 11. Bc4 {[%emt 0:00:30]} Nd7 {[%emt 0:01:30]} 12. O-O {[%emt 0:00:30]} b6 {[%emt 0:00:30]} 13. Rad1 {[%emt 0:00:00]} Bb7 {[%emt 0:00:30]} 14. Rfe1 {[%emt 0:00:00]} Rc8 {[%emt 0:01:30]} 15. Bb3 {[%emt 0:01:30]} Re8 {[%emt 0:00:30]} 16. h3 {[%emt 0:00:30]} h6 {[%emt 0:06:30]} 17. Re3 {[%emt 0:00:30]} Nf6 {[%emt 0:03:30]} 18. Qe2 {[%emt 0:00:30]} Rc7 {[%emt 0:27:30]} 19. Ne5 {[%emt 0:01:30]} Qa8 {[%emt 0:04:30]} 20. f3 {[%emt 0:08:30]} Rd8 {[%emt 0:01:30]} 21. Qe1 {[%emt 0:05:30]} Nd7 {[%emt 0:06:30]} 22. Ng4 {[%emt 0:16:30]} Kh7 {[%emt 0:04:30]} 23. d5 {[%emt 0:01:30]} Nf8 {[%emt 0:09:30]} 24. d6 {[%emt 0:00:30]} Rc5 {[%emt 0:00:30]} 25. e5 {[%emt 0:01:30]} Ng6 {[%emt 0:00:30]} 26. Nf2 {[%emt 0:02:30]} Nf4 {[%emt 0:04:30]} 27. Nd3 {[%emt 0:00:30]} Nxd3 {[%emt 0:00:30]} 28. Rdxd3 {[%emt 0:00:30]} Bd5 {[%emt 0:01:30]} 29. Kh2 {[%emt 0:02:30]} Qc6 {[%emt 0:00:30]} 30. Qh4 {[%emt 0:01:30]} Rd7 {[%emt 0:02:30]} 31. Bxd5 {[%emt 0:00:00]} exd5 {[%emt 0:00:30]} 32. f4 {[%emt 0:02:00]} Rc1 {[%emt 0:03:30]} 33. Re1 {[%emt 0:01:30]} Rc3 {[%emt 0:00:30]} 34. Qg3 {[%emt 0:01:30]} Rc2 {[%emt 0:01:30]} 35. a3 {[%emt 0:01:30]} Rd8 {[%emt 0:01:57]} 36. f5 {[%emt 0:00:30]} 1-0

[Event "16th Spilimbergo Open 2018"]
[Site "Spilimbergo"]
[Date "2018.08.12"]
[Round "4.11"]
[White "Morozov, Nichita"]
[Black "Mufic, Goran"]
[Result "1-0"]
[WhiteElo "2438"]
[BlackElo "2299"]
[Annotator "NA"]
[PlyCount "69"]
[EventDate "2018.08.10"]
[EventType "swiss"]
[EventCountry "ITA"]
[SourceTitle "playchess.com"]
[Source "ChessBase"]
[SourceQuality "1"]
[TimeControl "5400+30"]

1. Nf3 {[%emt 0:02:30]} d5 {[%emt 0:03:30]} 2. c4 {[%emt 0:05:30]} e6 {[%emt 0:00:30]} 3. g3 {[%emt 0:00:00]} Nf6 {[%emt 0:00:30]} 4. Bg2 {[%emt 0:00:00]} c6 {[%emt 0:00:30]} 5. Qc2 {[%emt 0:00:30]} Nbd7 {[%emt 0:00:30]} 6. d4 {[%emt 0:02:30]} Be7 {[%emt 0:02:30]} 7. O-O {[%emt 0:00:30]} O-O {[%emt 0:00:30]} 8. Rd1 {[%emt 0:00:30]} b6 {[%emt 0:01:30]} 9. b3 {[%emt 0:00:30]} Bb7 {[%emt 0:00:30]} 10. Nc3 {[%emt 0:00:30]} a5 {[%emt 0:04:30]} 11. e4 {[%emt 0:07:30]} a4 {[%emt 0:05:30]} 12. bxa4 {[%emt 0:07:30]} Nxe4 {[%emt 0:00:30]} 13. Nxe4 {[%emt 0:09:30]} dxe4 {[%emt 0:00:30]} 14. Qxe4 {[%emt 0:01:30]} Rxa4 {[%emt 0:00:30]} 15. Qc2 {[%emt 0:00:00]} Qa8 {[%emt 0:01:30]} 16. c5 {[%emt 0:08:00]} Rd8 {[%emt 0:13:30]} 17. cxb6 {[%emt 0:14:30]} Ra6 {[%emt 0:07:30]} 18. Bg5 {[%emt 0:03:30]} Bxg5 {[%emt 0:00:30]} 19. Nxg5 {[%emt 0:00:00]} Nf6 {[%emt 0:02:30]} 20. Ne4 {[%emt 0:02:00]} Nxe4 {[%emt 0:05:30]} 21. Bxe4 {[%emt 0:00:30]} Rxb6 {[%emt 0:12:30]} 22. Bxh7+ {[%emt 0:00:30]} Kh8 {[%emt 0:00:00]} 23. Be4 {[%emt 0:01:30]} Rb4 {[%emt 0:00:00]} 24. Qc5 {[%emt 0:01:30]} Rb5 {[%emt 0:02:30]} 25. Qe7 {[%emt 0:00:30]} Kg8 {[%emt 0:03:30]} 26. a4 {[%emt 0:02:30]} Ra5 {[%emt 0:08:30]} 27. Rdb1 {[%emt 0:00:30]} Ba6 {[%emt 0:00:30]} 28. Qc7 {[%emt 0:05:30]} Bb5 {[%emt 0:03:40]} 29. Rb4 {[%emt 0:06:27]} g6 {[%emt 0:07:05]} 30. h4 {[%emt 0:01:20]} Ra7 {[%emt 0:04:02]} 31. Qe5 {[%emt 0:01:23]} Bxa4 {[%emt 0:02:05]} 32. h5 {[%emt 0:01:10]} Bb5 {[%emt 0:01:29]} 33. Rxa7 {[%emt 0:04:49]} Qxa7 {[%emt 0:00:01]} 34. Qf6 {[%emt 0:00:06]} Qa1+ {[%emt 0:05:03]} 35. Kh2 {[%emt 0:00:08]} 1-0

[Event "16th Spilimbergo Open 2018"]
[Site "Spilimbergo"]
[Date "2018.08.12"]
[Round "4.12"]
[White "Di Benedetto, Desiree"]
[Black "Altini, Nicola"]
[Result "1/2-1/2"]
[WhiteElo "2295"]
[BlackElo "2425"]
[Annotator "NA"]
[PlyCount "107"]
[EventDate "2018.08.10"]
[EventType "swiss"]
[EventCountry "ITA"]
[SourceTitle "playchess.com"]
[Source "ChessBase"]
[SourceQuality "1"]
[TimeControl "5400+30"]

1. d4 {[%emt 0:03:30]} d5 {[%emt 0:00:30]} 2. Bf4 {[%emt 0:00:30]} Nf6 {[%emt 0:00:30]} 3. e3 {[%emt 0:00:00]} g6 {[%emt 0:00:00]} 4. Nf3 {[%emt 0:02:00]} Bg7 {[%emt 0:00:00]} 5. Be2 {[%emt 0:02:30]} O-O {[%emt 0:00:30]} 6. O-O {[%emt 0:01:30]} c5 {[%emt 0:00:30]} 7. c3 {[%emt 0:01:30]} Nc6 {[%emt 0:01:30]} 8. Ne5 {[%emt 0:03:30]} Qb6 {[%emt 0:01:30]} 9. Qb3 {[%emt 0:03:30]} c4 {[%emt 0:02:30]} 10. Qxb6 {[%emt 0:11:30]} axb6 {[%emt 0:00:30]} 11. Nd2 {[%emt 0:01:30]} b5 {[%emt 0:00:30]} 12. a3 {[%emt 0:02:30]} h6 {[%emt 0:06:30]} 13. h3 {[%emt 0:07:30]} g5 {[%emt 0:05:30]} 14. Bh2 {[%emt 0:02:30]} Bf5 {[%emt 0:01:30]} 15. g4 {[%emt 0:04:30]} Bh7 {[%emt 0:10:30]} 16. f4 {[%emt 0:04:30]} Ne4 {[%emt 0:14:30]} 17. Nxe4 {[%emt 0:02:30]} Bxe4 {[%emt 0:00:30]} 18. Nd7 {[%emt 0:02:30]} Rfe8 {[%emt 0:05:30]} 19. Nc5 {[%emt 0:03:30]} e6 {[%emt 0:00:30]} 20. Nxe4 {[%emt 0:08:30]} dxe4 {[%emt 0:00:00]} 21. fxg5 {[%emt 0:02:30]} hxg5 {[%emt 0:00:00]} 22. a4 {[%emt 0:06:30]} Rxa4 {[%emt 0:04:30]} 23. Rxa4 {[%emt 0:00:30]} bxa4 {[%emt 0:01:30]} 24. Bxc4 {[%emt 0:00:00]} Ne7 {[%emt 0:00:00]} 25. Bb5 {[%emt 0:02:00]} Ra8 {[%emt 0:01:00]} 26. c4 {[%emt 0:09:37]} f5 {[%emt 0:11:30]} 27. Bd6 {[%emt 0:04:26]} Nc8 {[%emt 0:00:00]} 28. Bc5 {[%emt 0:02:02]} b6 {[%emt 0:11:00]} 29. Ba3 {[%emt 0:00:09]} f4 {[%emt 0:00:30]} 30. exf4 {[%emt 0:02:22]} Bxd4+ {[%emt 0:00:30]} 31. Kg2 {[%emt 0:00:06]} Bc5 {[%emt 0:08:34]} 32. Bd7 {[%emt 0:01:33]} gxf4 {[%emt 0:02:34]} 33. Bxe6+ {[%emt 0:00:31]} Kg7 {[%emt 0:00:05]} 34. Bd5 {[%emt 0:04:02]} f3+ {[%emt 0:01:57]} 35. Kg3 {[%emt 0:00:19]} Ra5 {[%emt 0:02:09]} 36. Bxe4 {[%emt 0:00:10]} f2 {[%emt 0:00:05]} 37. Bxc5 {[%emt 0:00:24]} Rxc5 {[%emt 0:00:02]} 38. Bd3 {[%emt 0:01:01]} Nd6 {[%emt 0:00:30]} 39. Rxf2 {[%emt 0:00:28]} Nxc4 {[%emt 0:00:03]} 40. Bxc4 {[%emt 0:00:22]} Rxc4 {[%emt 0:00:04]} 41. h4 {[%emt 0:00:31]} b5 {[%emt 0:01:03]} 42. h5 {[%emt 0:00:29]} b4 {[%emt 0:00:36]} 43. Kh4 {[%emt 0:00:53]} a3 {[%emt 0:00:07]} 44. bxa3 {[%emt 0:00:05]} bxa3 {[%emt 0:00:04]} 45. Rd2 {[%emt 0:00:40]} Ra4 {[%emt 0:01:11]} 46. Rd7+ {[%emt 0:00:31]} Kg8 {[%emt 0:00:22]} 47. Rd8+ {[%emt 0:00:28]} Kf7 {[%emt 0:00:30]} 48. Rd7+ {[%emt 0:00:34]} Ke6 {[%emt 0:00:33]} 49. Rd1 {[%emt 0:00:15]} a2 {[%emt 0:00:03]} 50. Ra1 {[%emt 0:00:11]} Kf6 {[%emt 0:00:05]} 51. Rf1+ {[%emt 0:00:57]} Kg7 {[%emt 0:00:04]} 52. Ra1 {[%emt 0:00:16]} Kh6 {[%emt 0:00:07]} 53. Kg3 {[%emt 0:00:34]} Kg5 {[%emt 0:00:04]} 54. Kf3 {[%emt 0:00:29]} 1/2-1/2

[Event "16th Spilimbergo Open 2018"]
[Site "Spilimbergo"]
[Date "2018.08.12"]
[Round "4.13"]
[White "Collutiis, Duilio"]
[Black "Micottis, Dorian"]
[Result "1-0"]
[WhiteElo "2415"]
[BlackElo "2295"]
[Annotator "NA"]
[PlyCount "81"]
[EventDate "2018.08.10"]
[EventType "swiss"]
[EventCountry "ITA"]
[SourceTitle "playchess.com"]
[Source "ChessBase"]
[SourceQuality "1"]
[TimeControl "5400+30"]

1. e4 {[%emt 0:00:30]} c6 {[%emt 0:00:30]} 2. d4 {[%emt 0:00:30]} d5 {[%emt 0:00:30]} 3. exd5 {[%emt 0:06:30]} cxd5 {[%emt 0:00:30]} 4. Bd3 {[%emt 0:01:30]} Nc6 {[%emt 0:00:00]} 5. c3 {[%emt 0:00:00]} Qc7 {[%emt 0:00:00]} 6. h3 {[%emt 0:00:00]} Nf6 {[%emt 0:09:30]} 7. Nf3 {[%emt 0:02:30]} g6 {[%emt 0:00:30]} 8. Qb3 {[%emt 0:22:30]} Bg7 {[%emt 0:18:30]} 9. Bg5 {[%emt 0:04:30]} O-O {[%emt 0:08:30]} 10. O-O {[%emt 0:00:30]} Rd8 {[%emt 0:02:30]} 11. Qc2 {[%emt 0:08:30]} Be6 {[%emt 0:11:30]} 12. Nbd2 {[%emt 0:01:30]} Rac8 {[%emt 0:00:30]} 13. a3 {[%emt 0:02:30]} Qd7 {[%emt 0:05:30]} 14. Rfe1 {[%emt 0:14:30]} Bf5 {[%emt 0:00:30]} 15. Ne5 {[%emt 0:02:30]} Nxe5 {[%emt 0:10:30]} 16. dxe5 {[%emt 0:00:30]} Ne8 {[%emt 0:02:30]} 17. Bxf5 {[%emt 0:00:30]} gxf5 {[%emt 0:00:30]} 18. Nf3 {[%emt 0:01:30]} h6 {[%emt 0:06:33]} 19. Bh4 {[%emt 0:08:30]} d4 {[%emt 0:14:15]} 20. Rad1 {[%emt 0:00:30]} d3 {[%emt 0:00:11]} 21. Qb1 {[%emt 0:03:29]} Rc5 {[%emt 0:03:51]} 22. Re3 {[%emt 0:01:31]} Rd5 {[%emt 0:01:30]} 23. c4 {[%emt 0:02:49]} f4 {[%emt 0:00:03]} 24. cxd5 {[%emt 0:01:54]} fxe3 {[%emt 0:00:02]} 25. Qxd3 {[%emt 0:00:07]} exf2+ {[%emt 0:00:58]} 26. Kxf2 {[%emt 0:00:08]} Rc8 {[%emt 0:00:53]} 27. Kg1 {[%emt 0:00:52]} b6 {[%emt 0:01:49]} 28. Kh1 {[%emt 0:00:22]} Kf8 {[%emt 0:00:36]} 29. Qe4 {[%emt 0:06:51]} b5 {[%emt 0:00:35]} 30. Nd4 {[%emt 0:00:18]} Rc5 {[%emt 0:00:41]} 31. Nf5 {[%emt 0:00:33]} Rc4 {[%emt 0:00:24]} 32. Bxe7+ {[%emt 0:02:38]} Kg8 {[%emt 0:00:03]} 33. e6 {[%emt 0:00:08]} fxe6 {[%emt 0:00:59]} 34. Qxe6+ {[%emt 0:00:13]} Qxe6 {[%emt 0:00:16]} 35. dxe6 {[%emt 0:00:03]} Be5 {[%emt 0:00:47]} 36. g4 {[%emt 0:01:47]} Rc8 {[%emt 0:00:33]} 37. Rd7 {[%emt 0:00:38]} Nf6 {[%emt 0:00:30]} 38. Nxh6+ {[%emt 0:00:17]} Kg7 {[%emt 0:00:27]} 39. Nf5+ {[%emt 0:01:04]} Kg6 {[%emt 0:00:06]} 40. Bxf6 {[%emt 0:00:46]} Kxf6 {[%emt 0:00:26]} 41. e7 {[%emt 0:00:20]} 1-0